000 00517nam a2200181 i 4500
001 149928
003 ES-MaACL
005 20250815062537.0
007 t|
008 071025s1929 fr ||||1| fre d
100 1 _aVallaux, Camille.
_9112743
245 1 4 _aLes sciences géographiques /
_cpar Camille Vallaux.
260 _aParis :
_bF. Alcan,
_c1929 (
_fPresses Universitaires)
300 _aXIII, 413 p. ;
_c23 cm.
650 0 7 _aGeografía
_2embne
_913070
852 _aES-MaACL
_jA-2805
999 _c149928
_d149928